000 00563nam a2200193Ia 4500
005 20260429112300.0
008 260429s9999||||xx |||||||||||||| ||und||
020 _a9781666870206
041 _aEnglish
082 _a660.62
_bBEN
100 _aBenchimol, Sam
245 0 _aBiotechnological advances in industrial microbiology /
_cSam Benchimol
260 _aWilmington :
_bAmerican Academic Publisher,
_c2024.
300 _ax, 335 p.; hb
650 _a Applied microbiology
650 _a Biotechnology
650 _aIndustrial microbiology
942 _cTB
999 _c53297
_d53297